Statistical statements relating to graingola co-operatives in Orissa (Record no. 487547)

000 -LEADER
fixed length control field 00407cam a22001097a 4500
008 - FIXED-LENGTH DATA ELEMENTS--GENERAL INFORMATION
fixed length control field 180718b-- xxu||||| |||| 00| 0 eng d
082 ## - DEWEY DECIMAL CLASSIFICATION NUMBER
Classification number T16065x5414 G
245 ## - TITLE STATEMENT
Title Statistical statements relating to graingola co-operatives in Orissa
Statement of responsibility, etc. by Co-operative Department, Orissa
260 ## - PUBLICATION, DISTRIBUTION, ETC.
Place of publication, distribution, etc. Bhubaneswar
Name of publisher, distributor, etc. Co-operative Department
Date of publication, distribution, etc. --
500 ## - GENERAL NOTE
General note Library has 1957/58-1958/59
700 ## - ADDED ENTRY--PERSONAL NAME
Personal name Orissa. Co-operative Department
Holdings
Withdrawn status Lost status Damaged status Not for loan Permanent Location Current Location Date acquired Full call number Barcode Date last seen Price effective from Koha item type
        Indian Institute of Public Administration Indian Institute of Public Administration 2018-08-04 T16065x5414 G GG2402 2018-08-04 2018-08-04 GG
        Indian Institute of Public Administration Indian Institute of Public Administration 2018-08-04 T16065x5414 G GG541 2018-08-04 2018-08-04 GG

Powered by Koha